UM Logo

How technology helps spur rise of emerging middle class. (Record no. 13692)

MARC details
000 -LEADER
fixed length control field 00323nam a2200109 4500
008 - FIXED-LENGTH DATA ELEMENTS--GENERAL INFORMATION
fixed length control field 190401b ||||| |||| 00| 0 eng d
245 ## - TITLE STATEMENT
Title How technology helps spur rise of emerging middle class.
260 ## - PUBLICATION, DISTRIBUTION, ETC. (IMPRINT)
Place of publication, distribution, etc. Philippines
Name of publisher, distributor, etc. The Philippine Star
Date of publication, distribution, etc. c2018.
300 ## - PHYSICAL DESCRIPTION
Extent page C4.
650 #0 - SUBJECT ADDED ENTRY--TOPICAL TERM
9 (RLIN) 38082
Topical term or geographic name as entry element Technology.
942 ## - ADDED ENTRY ELEMENTS (KOHA)
Source of classification or shelving scheme Dewey Decimal Classification
Koha item type Periodicals
Holdings
Withdrawn status Lost status Source of classification or shelving scheme Damaged status Not for loan Collection code Home library Current library Date acquired Total Checkouts Date last seen Price effective from Koha item type Public note
    Dewey Decimal Classification     Periodicals UM Digos College - LIC UM Digos College - LIC 04/01/2019   04/01/2019 04/01/2019 Periodicals Newspaper Clippings